♫ "Beats" - Lyrics - AJR ♫ - Statistics

General Stats
  • This quiz has been taken 89 times
    47 since last reset
  • The average score is 260 of 328
Answer Stats
Lyric % Correct
a
100%
I
100%
to
100%
are
96%
be
96%
Beats
96%
For
96%
for
96%
so
96%
So
96%
the
96%
they
96%
us
96%
"Who
96%
by
93%
great
93%
pay
93%
say,
93%
say
93%
that?"
93%
that
93%
20K
89%
Dre
89%
is
89%
all
85%
hell
85%
song
85%
could
81%
Could
81%
if
81%
paid
81%
paid,
81%
Would
81%
of
78%
this
78%
whole
78%
in
74%
costs
70%
my
70%
Recording
70%
What
70%
day,
67%
day
67%
It
67%
now
67%
Now
67%
Okay,
67%
you
67%
And
63%
it's
63%
our
63%
should
63%
do?
59%
don't
59%
Don't
59%
on
59%
out
59%
people
59%
plays
59%
produce
59%
aisle
56%
at
56%
bit
56%
can
56%
jokes
56%
laugh
56%
fool
52%
over
52%
some
52%
success
52%
Yeah,
52%
every
48%
famous
48%
fashion,
48%
fashion
48%
fashion?
48%
friends?
48%
have
48%
make
48%
next
48%
Oh,
48%
put
48%
strange
48%
am
44%
eggs
44%
go
44%
how
44%
I'm
44%
same?
44%
will
44%
baskets?
41%
before
41%
know
41%
lasting
41%
long
41%
more
41%
try
37%
demographic
33%
probably
33%
star
33%
Was
33%
anything
30%
click
30%
graphic
30%
used
30%
mock
26%
passing,
26%
No matching quizzes found
Score Distribution
Percent of People with Each Score
Percentile by Number Answered
Your Score History
You have not taken this quiz since the last reset